Trouver les surnoms que les hommes donnent à leur sexe - Statistiques

Statistiques générales
  • Ce quiz a été pris 272 fois
  • Le résultat moyen est 5 sur 30
Statistiques - réponses
TOP Surnoms % Correct
2 La bite
91%
1 Le pénis
64%
14 Le zgeg
48%
12 La teub
39%
23 Le chibre
35%
3 La queue
28%
19 La quequette
16%
13 Le zob
16%
4 La bête
14%
29 Le zboub
13%
15 La saucisse
12%
5 Le tuyau
9%
27 Le barreau
8%
6 L'engin
8%
10 La tige
7%
8 Le poireau
7%
7 La banane
6%
25 La bistouquette
6%
20 Le braquemart
6%
17 Le truc
5%
28 L'anaconda
4%
21 La nouille
4%
16 Le gourdin
4%
9 Le manche
4%
30 Dumbo
3%
18 Le grand chauve
3%
22 Le joystick
3%
24 Le dard
2%
26 Le général
2%
11 La béquille
1%
Aucun quiz correspondant
Distribution des résultats
% des personnes avec chaque résultat
Percentile par nombre de réponses
Votre historique - résultats
Vous n’avez pas pris ce quiz